| 000 | 00510nam a2200205Ia 4500 | ||
|---|---|---|---|
| 003 | OSt | ||
| 005 | 20250417092116.0 | ||
| 008 | 220927b |||||||| |||| 00| 0 eng d | ||
| 020 | _a0861043367 | ||
| 037 | _cTextual | ||
| 040 |
_aSDCL _cSDCL _beng |
||
| 041 |
_2eng _aeng |
||
| 084 | _aV63'N7 M1 | ||
| 100 |
_aCallinicos, Alex. _9435829 |
||
| 245 | 0 | _aSouthern Africa after Zimbabwe. | |
| 260 |
_aLondon : _bPluto Press, _c1981. |
||
| 300 | _a186p. | ||
| 942 |
_cTEXL _2CC _n0 |
||
| 999 |
_c827989 _d827989 |
||